Jedyny kraj... - Statystyki

Ogólne statystyki
  • Ten quiz został rozwiązany 159 razy
    141 od ostatniego zresetowania
  • Średni wynik to 8 z 15
Statystyki odpowiedzi
Podpowiedź Kraj % Poprawnych
Na literę O Oman
100%
Graniczy z Lesotho RPA
79%
Jest w europie zaczyna się na K i według niektórych jest częścią Serbii Kosowo
77%
Graniczy tylko z Francją Monako
76%
Ze stolicą w Teheranie Iran
73%
Bez oficjalnej stolicy Szwajcaria
61%
Kraj który kiedyś miał całą zieloną flagę Libia
59%
Jest najbardziej zaludnionym państwem Afryki Nigeria
55%
Do tego kraju oficjalnie Należą Falklandy (Malwiny) Wielka Brytania
54%
Z kolorem fioletowym Dominikana/Nikaragua
44%
Właśnie tutaj, według mitologii, wyłoniła się z piany grecka bogini miłości Afrodyta Cypr
42%
Ze stolicą na równiku Ekwador
38%
Ma najwięcej procent niebieskiego w swojej fladze Mikronezja
37%
Kraj na ''L'' z żółtymi rejestracjami Luksemburg
34%
Z czerwonymi rejestracjami Bhutan
10%
Nie znaleziono quizów pasujących do podanych kryteriów
Rozkład punktacji
Procent ludzi z każdym wynikiem
Percentyl według liczby udzielonych odpowiedzi
Twoja historia wyników
Nie rozwiązałeś tego quizu od ostatniego zresetowania